000 00218nam a2200097Ia 4500
008 190216s9999||||xx |||||||||||||| ||und||
100 _aChama Joshi
245 0 _aYour Find Him I Will Read
260 _bNull
942 _cBK
999 _c12726
_d12726